| 000 | 00559nam a2200205Ia 4500 | ||
|---|---|---|---|
| 008 | 131103s9999 xx 000 0 und d | ||
| 020 | _a434984000 | ||
| 040 | _aLoreto College | ||
| 041 | _aEnglish | ||
| 082 |
_a001.64/HOF _bLCLIB/29845 |
||
| 100 | _aHofeditz, C.A. | ||
| 245 |
_aComputer programming languages in practice _cC.A.Hofeditz |
||
| 260 |
_aLondon _bHeinemann _c1985 |
||
| 300 |
_a246p. _c 22cm. |
||
| 504 | _aIncludes index | ||
| 650 | _aComputer | ||
| 651 | _aComputer programming languages | ||
| 850 | _aLCLIB/001.64/HOF | ||
| 942 | _cBK | ||
| 999 |
_c22987 _d73466 |
||